10 najzimniejszych państw europejskich - Statystyki

Ogólne statystyki
  • Ten quiz został rozwiązany 4 507 razy
  • Średni wynik to 9 z 10
Statystyki odpowiedzi
° C Państwo % Poprawnych
-3,8 Rosja
99%
2,6 Finlandia
98%
2,7 Norwegia
98%
3,4 Szwecja
98%
2,3 Islandia
95%
6,4 Estonia
93%
7,3 Litwa
93%
6,9 Łotwa
93%
7,3 Białoruś
85%
6,9 Szwajcaria
54%
Nie znaleziono quizów pasujących do podanych kryteriów
Rozkład punktacji
Procent ludzi z każdym wynikiem
Percentyl według liczby udzielonych odpowiedzi
Twoja historia wyników
Nie rozwiązałeś tego quizu